| 000 | 01155cam a2200337 a 4500 | ||
|---|---|---|---|
| 001 | 12218906 | ||
| 003 | OSt | ||
| 005 | 20140310182014.0 | ||
| 008 | 001031r20011996nyua c 000 1 eng | ||
| 010 | _a 00052287 | ||
| 020 | _a043944165X | ||
| 040 |
_aDLC _cDLC _dDLC |
||
| 042 | _alcac | ||
| 050 | 0 | 0 |
_aPZ 7 _b.Ib12 2002 |
| 082 | 0 | 0 |
_aKF _bIb2d 2002 |
| 100 | 1 |
_aIbbotson, Eva. _96289 |
|
| 245 | 1 | 0 |
_aDial-a-ghost / _cEva Ibbotson ; illustrated by Kevin Hawkes. |
| 250 | _a1st American ed. | ||
| 260 |
_aNew York : _bDutton Children's Books, _cc2001. |
||
| 300 |
_a195 p. : _bill. ; _c22 cm. |
||
| 520 | _aA family of nice ghosts protects a British orphan from the diabolical plans of his evil guardians. | ||
| 541 | _j1 | ||
| 562 | _e1 | ||
| 650 | 1 |
_aGhosts _vFiction. _96290 |
|
| 650 | 1 |
_aOrphans _vFiction. _96291 |
|
| 651 | 1 |
_aEngland _vFiction. _96292 |
|
| 700 | 1 |
_aHawkes, Kevin, _eill. _96293 |
|
| 906 |
_a7 _bcbc _corignew _d1 _eocip _f20 _gy-gencatlg |
||
| 942 |
_2lcc _cBK-KF _kKF |
||
| 999 |
_c8194 _d8194 |
||